Gabinete artistico del Museo Arqueológico / por Antonio Bregante Ribas

per Bregante Ribas, Antonio

Publicat: San Jorge, núm. 92 (4rt trimestre 1973), pàg 52 - 55 :

MARC

LEADER 00000nam a2200000Ia 4500
001
008 160829s9999 xx 000 0 cat d
100 |a Bregante Ribas, Antonio  |9 43448 
245 |a Gabinete artistico del Museo Arqueológico / por Antonio Bregante Ribas 
260 |a San Jorge, núm. 92 (4rt trimestre 1973), pàg 52 - 55 
610 2 0 |a Museu Arqueològic de Barcelona   |9 54643 
901 |a Arxiu 
942 |n 1 
952 |0 0  |1 0  |4 0  |7 1  |9 51449  |a Arxiu  |b Arxiu  |d 2016-12-01  |l 0  |r 2016-12-01 00:00:00  |w 2016-12-01  |y ARXIU 
999 |c 55293  |d 55293